00339nam a2200145Ia 45000030006000000050017000060080041000230400009000640410012000730820016000851000019001012450045001202600020001653000008001850Nust20170105110258.0161124s9999 xx 000 0 und d cIGIS aEnglish a954.91bSAF aSafdar Mahmood aPakistan Political Roots and Development aphot copyc2003 a440